=LDR 00000nam 2200000 4500 =001 INLIS000000000029266 =005 20130612131519 =008 ***********************************Ind** =035 ##$$0010-061300000029266 =041 ##$$a Ind =082 ##$$a 336 =090 ##$$a 336, Soe d =100 ##$$a Soetrisno PH =245 ##$$a Dasar-dasar ilmu keuangan negara, Soetrisno PH =260 ##$$a 1981 $b Yogyakarta =300 ##$$a xi, 409 hlm, 21 cm =650 ##$$a Ilmu ekonomi =850 ##$$a NBPNMAT